Temas em Histr̤ia do Direito Brasileiro

Bibliographic Details
Main Author: Cattoni de Oliveira, Marcelo A.
Other Authors: Salcedo Repols̊, Maria Fernanda, Soares Roberto, Giordano Bruno
Format: eBook
Language:Portuguese
Published: Belo Horizonte: Initia Via Editora, 2012
Subjects:
Online Access:Acceso restringido

MARC

LEADER 00000nam a22000007a 4500
005 2021042702372.0
007 cr|||| ||||
008 210427s2012 br |||||s|||| 00||0 por d
020 |a 978-85-64912-37-3 
035 |a 33229 
040 |a vLex 
090 |c 11537  |d 11537 
100 1 |a Cattoni de Oliveira, Marcelo A. 
245 1 0 |a Temas em Histr̤ia do Direito Brasileiro  |h [Recurso electrn̤ico] /  |c Marcelo A. Cattoni de Oliveira, Maria Fernanda Salcedo Repols̊, Giordano Bruno Soares Roberto 
256 |a Servicio en ln̕ea 
260 |a Belo Horizonte:  |b Initia Via Editora,  |c 2012 
300 |a 1 recurso electrn̤ico 
506 1 |a Disponible solo en los productos indicados  |d vLex Global  |d vLex Global (Academic Edition, excluding Law Schools)  |d vLex Global (U.S. Academic Edition, Law Schools)  |d vLex Global (U.S. Academic Edition, excluding Law Schools)  |d vLex Global (Academic Edition, Law Schools) 
650 0 4 |a Ciencias sociales  |z Brasil 
700 1 |a Salcedo Repols̊, Maria Fernanda 
700 1 |a Soares Roberto, Giordano Bruno 
740 0 |a vLex Libros (Servicio en ln̕ea) 
856 4 0 |u https://vlex.com/source/temas-historia-direito-brasileiro-33229  |z Acceso restringido 
942 |c BOOK 
999 0 |a Social Sciences